| 000 | 01285nam a2200241Ia 4500 | ||
|---|---|---|---|
| 003 | Ost | ||
| 005 | 20260507075803.0 | ||
| 008 | 260507s9999||||xx |||||||||||||| ||und|| | ||
| 020 | _a9789947898178 | ||
| 040 | _cfsecg | ||
| 041 | _aara | ||
| 082 | _a336.2 | ||
| 100 |
_aأوسرير، منور _eمؤلف |
||
| 245 | 0 |
_aمحاضرات في جباية المؤسسات مع تمارين محلولة / _c منور أوسرير |
|
| 260 |
_aالجزائر : _bمكتبة الشركة الجزائرية بوداود, _c2009 |
||
| 300 |
_a304 صفحة؛ _bإيضاحات ؛ _c24 سم |
||
| 504 | _aبيبليوغرافيا: ص ص.303-304 | ||
| 520 | _aيضم التطور التاريخي للضريبة، التنظيم الفني للضريبة، أسس النظم الضريبية، الإدارة الضريبية، الضرائب على الدخل الإجمالي، الضرائب على أرباح الشركات، مناهج قياس تصاعدية الضرائب، الفعالية الضريبية، الرقابة الجبائية، التحفيز الجبائي، اللامركزية الجبائية. | ||
| 653 | _aالضرائب | ||
| 653 | _aضرائب الأرباح التجارية | ||
| 700 |
_aحمو، محمد _eمؤلف ثانوي |
||
| 942 | _cكتاب | ||
| 999 |
_c46332 _d46332 |
||